Grecia helenística (Record no. 51142)
[ view plain ]
| 000 -LEADER | |
|---|---|
| campo de control de longitud fija | 00782nam a2200229 i 4500 |
| 001 - NÚMERO DE CONTROL | |
| campo de control | 51142 |
| 003 - IDENTIFICADOR DE NÚMERO DE CONTROL | |
| campo de control | ES-MaACL |
| 007 - CAMPO FIJO DE DESCRIPCIÓN FÍSICA--INFORMACIÓN GENERAL | |
| campo de control de longitud fija | t| |
| 008 - DATOS DE LONGITUD FIJA--INFORMACIÓN GENERAL | |
| campo de control de longitud fija | 030811s1971 sp ||||1| spa d |
| 100 1# - ENTRADA PRINCIPAL--NOMBRE DE PERSONA | |
| Nombre de persona | Charbonneaux, Jean. |
| 9 (RLIN) | 38061 |
| 245 10 - MENCIÓN DEL TÍTULO | |
| Título | Grecia helenística |
| Resto del título | : (330-50 a. de J.C.) / |
| Mención de responsabilidad, etc. | Jean Charbonneaux, Roland Martin, Francois Villard ; traducción por José Antonio Miguez. |
| 250 ## - MENCION DE EDICION | |
| Mención de edición | [1ª ed.]. |
| 260 ## - PUBLICACIÓN, DISTRIBUCIÓN, ETC. | |
| Lugar de publicación, distribución, etc. | [Madrid] : |
| Nombre del editor, distribuidor, etc. | Aguilar, |
| Fecha de publicación, distribución, etc. | [1971] |
| 300 ## - DESCRIPCIÓN FÍSICA | |
| Extensión | X, 422 p., 36 lám. : |
| Otras características físicas | 1 map. ; |
| Dimensiones | 28 cm. |
| 490 1# - MENCIÓN DE SERIE | |
| Mención de serie | El universo de las formas |
| 700 1# - ENTRADA AGREGADA--NOMBRE PERSONAL | |
| Nombre de persona | Martin, Roland. |
| 9 (RLIN) | 77372 |
| 700 1# - ENTRADA AGREGADA--NOMBRE PERSONAL | |
| Nombre de persona | Villard, Francois. |
| 9 (RLIN) | 115108 |
| 700 1# - ENTRADA AGREGADA--NOMBRE PERSONAL | |
| Nombre de persona | Míguez, José Antonio. |
| 9 (RLIN) | 81053 |
| 830 0# - PUNTO DE ACCESO ADICIONAL DE SERIE-TÍTULO UNIFORME | |
| Título uniforme | El universo de las formas |
| 9 (RLIN) | 181490 |
| 852 ## - LOCALIZACIÓN | |
| Ubicación | ES-MaACL |
| Número de control de estantería | E-6949 |
| Sublocalización o colección | R.51282 |
| Estatus retirado | Estado de pérdida | Estado de daño | No para préstamo | Biblioteca de origen | Biblioteca actual | Ubicación en estantería | Fecha de adquisición | Fuente de adquisición | Total de préstamos | Signatura topográfica completa | Código de barras | Visto por última vez | Precio de reemplazo | Tipo de ítem Koha |
|---|---|---|---|---|---|---|---|---|---|---|---|---|---|---|
| Biblioteca del Ateneo de Madrid | Biblioteca del Ateneo de Madrid | Depósito 2 | 17/01/2008 | E-6949 | 1053788 | 23/02/2023 | 23/02/2023 | Libro impreso |
